| 000 | 01694nam a2200505 i 4500 | ||
|---|---|---|---|
| 001 | 1549 | ||
| 003 | KOSZ 005 | ||
| 005 | 20200226141348.0 | ||
| 008 | 000617s1978 pl a f |000 0 pol | ||
| 015 | _aPB 1979/3255 | ||
| 035 | _a991014128939705066 | ||
| 035 | _a(PL-WaBN)b1379727x-48omnis_nlop | ||
| 035 | _ab1379727x | ||
| 035 | _a(OCoLC)830274946 | ||
| 035 | _a(PL)b0000001379727 | ||
| 035 | _a(EXLNZ-48OMNIS_NETWORK)9910105579905606 | ||
| 040 |
_aWA N _cWA N _dKOSZ 005/EC |
||
| 041 | 0 | _apol | |
| 046 | _k1978 | ||
| 080 | _a628 | ||
| 080 | _a62-52 | ||
| 080 | _a(075.8) | ||
| 100 | 1 |
_aChmielnicki, Witold. _eAutor |
|
| 245 | 1 | 0 |
_aLaboratorium automatyzacji urządzeń sanitarnych / _cWitold Chmielnicki, Krzysztof Kasperkiewicz, Bernard Zawada. |
| 260 |
_aWarszawa : _bWydawnictwa Politechniki Warszawskiej, _c1978. |
||
| 300 |
_a330 s. : _bil. ; _c24 cm. |
||
| 336 |
_2rdacontent _aTekst _btxt |
||
| 337 |
_2rdamedia _aBez urządzenia pośredniczącego _bn |
||
| 338 |
_2rdacarrier _aWolumin _bnc |
||
| 380 | _aKsiążki | ||
| 380 | _aPublikacje dydaktyczne | ||
| 385 |
_mPoziom nauczania _aSzkoły wyższe |
||
| 388 | _a1901-2000 | ||
| 388 | _a1945-1989 | ||
| 504 | _aBibliogr. | ||
| 650 | 7 |
_aTechnika sanitarna _2DBN |
|
| 655 | 7 |
_aPodręczniki akademickie _2DBN |
|
| 658 | _aInżynieria i technika | ||
| 700 | 1 |
_aKasperkiewicz, Krzysztof. _eAutor |
|
| 700 | 1 |
_aZawada, Bernard A. _eAutor |
|
| 710 | 2 |
_aOficyna Wydawnicza Politechniki Warszawskiej _4pbl |
|
| 856 |
_uhttp://koha.tu.koszalin.pl/cgi-bin/koha/opac-detail.pl?biblionumber=1549 _yKatalog online BPK |
||
| 942 |
_2UKD _cKS |
||
| 999 |
_c1549 _d1549 |
||